Operačný systém OS pre počítač M 4030.1 : Príručka pre používateľov /

Salvato in:
Dettagli Bibliografici
Autore principale: Hermann, Peter (Autore)
Natura: Libro
Lingua:slovacco
Pubblicazione: Bratislava : STU v Bratislave, 1985
Edizione:1.vyd.
Tags: Aggiungi Tag
Nessun Tag, puoi essere il primo ad aggiungerne!!

MARC

LEADER 00000nam a22000003a 4500
001 stu6963
005 20150617225809.7
008 940801s1985----cs------------------slo-d
040 |a STU  |b slo 
041 0 |a slo 
044 |a cs 
100 1 |a Hermann, Peter  |4 aut 
245 1 |a Operačný systém OS pre počítač M 4030.1 :  |b Príručka pre používateľov /  |c [aut.] Hermann,Peter 
250 |a 1.vyd. 
260 |a Bratislava :  |b STU v Bratislave,  |c 1985 
300 |a 107 s 
996 |b E59828  |c E*59828  |l EE01  |s A  |a 24  |w stu6963_0001